| 000 | 00610nam a2200205 i 4500 | ||
|---|---|---|---|
| 001 | 91369 | ||
| 003 | ES-MaACL | ||
| 005 | 20230906180715.0 | ||
| 007 | t| | ||
| 008 | 050128s1976 mx ||||1| spa d | ||
| 100 | 1 |
_aLévi-Strauss, Claude. _971961 |
|
| 245 | 1 | 0 |
_aMitológicas / _cClaude Lévi-Strauss ; [traducción de Juan Almela]. |
| 250 | _a[1ª ed.]. | ||
| 260 |
_a[México] : _bSiglo XXI, _c[1976] |
||
| 300 |
_a697 p., 3 lám. ; _c21 cm. |
||
| 505 | 8 | _aContiene: V. IV: El hombre desnudo | |
| 700 | 1 |
_aAlmela, Juan. _920128 |
|
| 740 | 3 | _aEl hombre desnudo. | |
| 852 |
_aES-MaACL _jL-1853 _bR.102783 |
||
| 999 |
_c91369 _d91369 |
||